| 000 | 00490nam a22001697a 4500 | ||
|---|---|---|---|
| 999 |
_c4590 _d4590 |
||
| 003 | GBCCL | ||
| 005 | 20241126110522.0 | ||
| 008 | 180125b xxu||||| |||| 00| 0 eng d | ||
| 040 | _cgbc | ||
| 082 |
_a242.2 _bRIT |
||
| 100 |
_aRittenhouse, Floyd O. _98470 |
||
| 245 |
_aShow me Thy ways / _cFloyd O. Rittenhouse |
||
| 260 |
_aPoona: _bOriental Watchman Publishing House, _c1983 |
||
| 300 |
_a377 p.; _c23 p.; |
||
| 650 |
_aDevotional Calenders _vSeventh-day Adventists _98471 |
||
| 942 |
_2ddc _cBK |
||